000 nam a22 7a 4500
999 _c27943
_d27943
008 170213b xxu||||| |||| 00| 0 eng d
020 _a9780131406537
050 _aQC23.2 .W35 2004
100 _aReid,David
245 _aStudent study guide & selected solutions manual:
_bPhysics, Second edition, James S. Walker /
_cDavid Reid; James S. Walker
250 _a2nd ed.
260 _aUpper Saddle River, N.J. :
_b Pearson/Prentice Hall,
_c©2004.
300 _a542p. :
_bill. ;
_c28cm.
650 _a Physics.
700 _aWalker,James S.
942 _2lcc
_cBOOKS
_hQC23.2 .W35 2004